Quartiers de Sèvres avec une Carte - Statistiques

Statistiques générales
  • Ce quiz a été pris 8 fois
  • Le résultat moyen est 3 sur 8
Réponses sur la Carte
Les réponses sont colorées sur une échelle allant du rouge au vert en fonction du pourcentage des utilisateurs qui les ont devinées à leur premier essai. Vous pouvez retrouver ces pourcentages ci-dessous.
 
Statistiques - réponses
Réponse % Correct
Brancas
60%
Bruyères
60%
Garenne / Rive Gauche
60%
Centre-Ville
40%
Croix-Bosset / Monesse
40%
Gabriel Péri / Danton
40%
Binnelles / Eiffel
20%
Cristallerie / Cent Gardes
20%
Aucun quiz correspondant
Distribution des résultats
% des personnes avec chaque résultat
Percentile par nombre de réponses
Votre historique - résultats
Vous n’avez pas pris ce quiz